Sports Quiz

Random Sports or College Quiz

Sun Belt Team Season Passing Leaders (2001-19) Quiz Stats

 Plays Quiz not verified by Sporcle

Score 0/175 Timer 20:00
0 Plays Today
Year Quarterback % Correct
2017Damian Williams
100%
2002Andrew Smith
83.3%
2006Rusty Smith
83.3%
2007Rusty Smith
83.3%
2008Rusty Smith
83.3%
2008Levi Brown
83.3%
2009Rusty Smith
83.3%
2009Levi Brown
83.3%
2010Corey Robinson
83.3%
2011Corey Robinson
83.3%
2012Corey Robinson
83.3%
2013Tyler Jones
83.3%
2013Corey Robinson
83.3%
2014Tyler Jones
83.3%
2015Garrett Smith
83.3%
2015Tyler Jones
83.3%
2016Garrett Smith
83.3%
2016Dallas Davis
83.3%
2016Tyler Jones
83.3%
2017Jordan Davis
83.3%
2018Kilton Anderson
83.3%
2018Sawyer Smith
83.3%
2019Cephus Johnson
83.3%
2006Woody Wilson
66.7%
2011Derek Thompson
66.7%
2012Derek Thompson
66.7%
2014Pete Thomas
66.7%
2018Zac Thomas
66.7%
2015Andrew Allen
66.7%
2004Jared Allen
66.7%
2019Zac Thomas
66.7%
2019Levi Lewis
66.7%
2001Jon Van Cleave
50%
2002Jon Van Cleave
50%
2003Jerry Babb
50%
2004Jerry Babb
50%
2005Jerry Babb
50%
2006Jerry Babb
50%
2007Giovanni Vizza
50%
2008Giovanni Vizza
50%
2010Ryan Aplin
50%
2010Kolton Browning
50%
2011Ryan Aplin
50%
2011Kolton Browning
50%
2012Ryan Aplin
50%
2012Kolton Browning
50%
2013Kolton Browning
50%
2016Conner Manning
50%
2016Anthony Jennings
50%
2017Conner Manning
50%
2017Caleb Evans
50%
2018Dan Ellington
50%
2018Caleb Evans
50%
2019Layne Hatcher
50%
2019Dan Ellington
50%
2019Caleb Evans
50%
2019Kaleb Barker
50%
2001Elliot Jacobs
33.3%
2001Wes Counts
33.3%
Year Quarterback % Correct
2001K.C. Enzminger
33.3%
2001Scott Hall
33.3%
2002Elliot Jacobs
33.3%
2002Andrico Hines
33.3%
2003Elliot Jacobs
33.3%
2003Andrico Hines
33.3%
2003Buck Pierce
33.3%
2003Scott Hall
33.3%
2004Nick Noce
33.3%
2004Josh Padrick
33.3%
2004Clint Marks
33.3%
2004Buck Pierce
33.3%
2004Scott Hall
33.3%
2005Nick Noce
33.3%
2005Josh Padrick
33.3%
2005Clint Marks
33.3%
2005Daniel Meager
33.3%
2006Corey Leonard
33.3%
2006Josh Padrick
33.3%
2006Kinsmon Lancaster
33.3%
2006Clint Marks
33.3%
2006Omar Haugabook
33.3%
2007Corey Leonard
33.3%
2007Wayne Younger
33.3%
2007Michael Desormeaux
33.3%
2007Kinsmon Lancaster
33.3%
2007Joe Craddock
33.3%
2007Omar Haugabook
33.3%
2008Corey Leonard
33.3%
2008Paul McCall
33.3%
2008Michael Desormeaux
33.3%
2008Kinsmon Lancaster
33.3%
2008Joe Craddock
33.3%
2009Corey Leonard
33.3%
2009Paul McCall
33.3%
2009Chris Masson
33.3%
2009Trey Revell
33.3%
2009Dwight Dasher
33.3%
2009Riley Dodge
33.3%
2009Kawaun Jakes
33.3%
2010Jeff Van Camp
33.3%
2010Wesley Carroll
33.3%
2010Chris Masson
33.3%
2010Dwight Dasher
33.3%
2010Riley Dodge
33.3%
2010Kawaun Jakes
33.3%
2011Graham Wilbert
33.3%
2011Blaine Gautier
33.3%
2011Logan Kilgore
33.3%
2011Wesley Carroll
33.3%
2011Kawaun Jakes
33.3%
2012Graham Wilbert
33.3%
2012Jake Medlock
33.3%
2012Terrance Broadway
33.3%
2012Logan Kilgore
33.3%
2012Kawaun Jakes
33.3%
2013Adam Kennedy
33.3%
2013Ronnie Bell
33.3%
2013Terrance Broadway
33.3%
Year Quarterback % Correct
2013Brandon Doughty
33.3%
2014Taylor Lamb
33.3%
2014Fredi Knighten
33.3%
2014Nick Arbuckle
33.3%
2014Terrance Broadway
33.3%
2014Brandon Bridge
33.3%
2014Brandon Silvers
33.3%
2015Taylor Lamb
33.3%
2015Fredi Knighten
33.3%
2015Nick Arbuckle
33.3%
2015Brooks Haack
33.3%
2015Cody Clements
33.3%
2015Brandon Silvers
33.3%
2016Taylor Lamb
33.3%
2016Justice Hansen
33.3%
2016Brandon Silvers
33.3%
2017Taylor Lamb
33.3%
2017Justice Hansen
33.3%
2017Shai Werts
33.3%
2017Brandon Silvers
33.3%
2018Justice Hansen
33.3%
2018Shai Werts
33.3%
2018Andre Nunez
33.3%
2018Evan Orth
33.3%
2018Tyler Vitt
33.3%
2004Michael Harrington
33.3%
2001John Welsh
33.3%
2014Matt Linehan
33.3%
2015Matt Linehan
33.3%
2016Matt Linehan
33.3%
2017Matt Linehan
33.3%
2001Andy Chance
33.3%
2004Steven Jyles
33.3%
2003Steven Jyles
33.3%
2002Steven Jyles
33.3%
2005Steven Jyles
33.3%
2014Tyler Rogers
33.3%
2016Tyler Rogers
33.3%
2017Tyler Rogers
33.3%
2003Travis Cox
33.3%
2004Travis Cox
33.3%
2019Fred Payton
33.3%
2019Shai Werts
33.3%
2019Tyler Vitt
33.3%
2002Paul Dombrowski
16.7%
2004Aaron Leak
16.7%
2005Carl Meadows
16.7%
2012Ross Metheny
16.7%
2013Ross Metheny
16.7%
2014Kevin Ellison
16.7%
2015Kevin Ellison
16.7%
2016Kevin Ellison
16.7%
2017Tyler Keane
16.7%
2017Cole Garvin
16.7%
2003Brian Lindgren
16.7%
2002Brian Lindgren
16.7%
2005Danny Embick
16.7%
Remove Ads.
Support Sporcle.
Get the best of Sporcle when you Go Orange. This ad-free experience offers more features, more stats, and more fun while also helping to support Sporcle. Thank you for becoming a member.

You're not logged in!

Compare scores with friends on all Sporcle quizzes.
OR
Log In

Sporcle TV

Today on Sporcle TV


Watch our educational content, quiz creation guides, and fun videos on Sporcle TV.

Show Comments

Extras

Top Quizzes Today


Score Distribution

Paid Content

Your Account Isn't Verified!

In order to create a playlist on Sporcle, you need to verify the email address you used during registration. Go to your Sporcle Settings to finish the process.

Report this User

Report this user for behavior that violates our Community Guidelines.

Details: